| 000 | 00843nam a2200265 i 4500 | ||
|---|---|---|---|
| 001 | bg | ||
| 100 | 1 | _aDAWDO, Czesław | |
| 245 | 1 | 0 |
_aMateriały pomocnicze do ćwiczeń z podstaw budownictwa / _cCzesław Dawdo, Irena Ickiewicz, Wieslaw Sarosiek ; Politechnika Białostocka. |
| 250 | _a[Wyd.2]. | ||
| 260 |
_aBiałystok : _bWydawnictwa Politechniki Białostockiej, _c1995. |
||
| 300 |
_a388 s., [3]k.tabl.złoż. : _brys., wykr. ; _c24 cm. |
||
| 504 | _aBibliogr. s. 385-388. | ||
| 650 | 9 | _aBudownictwo | |
| 650 | 9 | _aKonstrukcje budowlane | |
| 655 | _aPodręczniki akademickie | ||
| 700 | 1 | _aICKIEWICZ, Irena | |
| 700 | 1 | _aSAROSIEK, Wiesław | |
| 020 | _a838627226D | ||
| 040 | _cBPK | ||
| 041 | 0 | _apl | |
| 080 | _a69:624.01/.07(075.8) | ||
| 920 | _a83-86272-26-D | ||
| 942 | _cKS | ||
| 008 | s pl f |000 0 pol | ||
| 999 |
_c6955 _d6955 |
||
| 856 |
_uhttp://koha.tu.koszalin.pl/cgi-bin/koha/opac-detail.pl?biblionumber=6955 _yKatalog online BPK |
||